000 00598nam a2200181Ia 4500
008 100921s9999 xx 000 0 und d
082 _b14931
_a891.2 ढ 05
100 _aदंडी-गोडबोले ना.वा.
245 _aदशकुमारचरितम्र.
260 _b---
_c1805
300 _a245
_b---
365 _b2
520 _aललित-स्ंास्कृत.
630 _aदशकुमारचरितम्र.
650 _aललित-स्ंास्कृत.
730 _aदशकुमारचरितम्र.
942 _cBOOK
999 _c764044
_d764041